000
00268nam a2200121Ia 4500
008
190216s9999||||xx |||||||||||||| ||und||
100
_a
Palooru
245
0
_a
Kalikaalam
260
_b
Poorna Pubs Kozhikode
_c
1987
300
_a
81p
650
_a
Kavithkal
942
_c
BK
999
_c
26816
_d
26816